000 00716nam a2200229Ia 4500
001 9942
003 GE_BSU
008 181216s||||||||xx |||||||||||||| ||und||
040 _cGE_BSU
080 _a82-93
100 _aნიქაბაძე,ჯანსუღ
245 _aეს ქალაქი ვისია?
245 _bლექსები
245 _cრედ:ჯ.ბაჯელიძე;მხატვ:ჯ.ყაველაშვილი
260 _aთბილისი.
260 _bნაკადული.
260 _c1969.
300 _a48გვ;ილ;21სმ.
653 _aეს ქალაქი ვისია?
653 _aლექსები
942 _cBK
999 _c43217
_d43217